000
00430nam a2200181Ia 4500
008
090124s9999 xx 000 0 und d
082
_b
20366
_a
2266
100
_a
कमलाकर
245
_a
कमलिनी
250
_a
1
260
_c
1974
300
_a
56
600
_a
कमलाकर
630
_a
कमलिनी
700
_a
कमलाकर
730
_a
कमलिनी
942
_c
BOOK
999
_c
134172
_d
134172